Biomes of the World - Statistics

General Stats
  • This quiz has been taken 47 times
    45 since last reset
  • The average score is 4 of 15
Answer Stats
Hint Answer % Correct
Tropical ___forest Rain
78%
Desert
67%
____ Tundra Arctic
47%
Grassland
47%
____ Forest (Taiga) Boreal
39%
Savannah
36%
Tundra
36%
Forest
25%
Temperate ______ Forest Deciduous
17%
____ Tundra Alpine
11%
_______ Aquatic Freshwater
11%
Polar
11%
_____Aquatic Marine
8%
A.K.A - Wetlands/Chaparrel Shrubland
6%
Aquatic
3%
No matching quizzes found
Score Distribution
Percent of People with Each Score
Percentile by Number Answered
Your Score History
You have not taken this quiz since the last reset